Gaming Quiz

Random Gaming or Pokémon Quiz

Pokémon Inception Quiz Stats

 Plays Quiz Updated Oct 27, 2016

Also try: Pokémon Puns
Challenge
Share
Tweet
Embed
Score 0/12 Timer 03:00
1 Play Today
Generation Pokemon % Correct
1Parasect (Paras)
69.7%
1Mewtwo (Mew)
58.8%
1Pidgeotto (Pidgeot)
48.3%
1Kadabra (Abra)
46.7%
1Kabutops (Kabuto)
23.2%
2Porygon2 (Porygon)
17.8%
4Porygon-Z (Porygon)
16.7%
5Klinklang (Klink and Klang)
15.1%
2Azumarill (Marill)
10.2%
7Pyukumuku (Muk)
7.3%
5Volcarona (Aron)
6.5%
5Swoobat (Woobat)
6.2%

You're not logged in!

Compare scores with friends on all Sporcle quizzes.
OR
Log In

You Might Also Like...

Show Comments

Extras

Top Quizzes Today


Score Distribution

Your Account Isn't Verified!

In order to create a playlist on Sporcle, you need to verify the email address you used during registration. Go to your Sporcle Settings to finish the process.

Report this User

Report this user for behavior that violates our Community Guidelines.

Details: